000
00279nam a22001097a 4500
999
_c
4094
_d
4094
008
250117b ||||| |||| 00| 0 eng d
020
_a
ENES02SBE1
082
_a
821.914
100
_a
SUE BEHRENT
_e
BEHRENT,SUE
245
_a
LITTLE MONSTER
942
_2
ddc
_h
821.914